[Event "Moscow-ch op Superfinal"]
[Site "Ershovo"]
[Date "2024.02.27"]
[Round "7"]
[White "Alekseenko, Mariya"]
[Black "Yurasov, Matfey"]
[Result "0-1"]
[WhiteElo "1970"]
[BlackElo "2178"]
[PlyCount "92"]
[EventDate "2024.02.23"]
[EventType "swiss"]
[EventRounds "10"]
[EventCountry "RUS"]
[SourceTitle "CB10_2024"]
[SourceDate "2024.03.06"]
[SourceVersion "1"]
[SourceVersionDate "2024.03.06"]
[SourceQuality "1"]

1. d4 Nf6 2. c4 g6 3. g3 c6 4. Bg2 d5 5. Nf3 Bg7 6. 0-0 0-0 7. Nc3 dxc4 8. a4 a5 9. e4 Na6 10. Qe2 Nb4 11. Rd1 Nd3 12. Ne5 Qxd4 13. Nxd3 cxd3 14. Rxd3 Qc4 15. Qd1 Ng4 16. b3 Qc5 17. Qc2 Be6 18. Ba3 Qb6 19. Rb1 Rfd8 20. Rxd8+ Rxd8 21. Nd1 Qc7 22. h3 Ne5 23. Ne3 Rd3 24. Nd5 Qd7 25. Nf4 Rd2 26. Qc5 Nd3 27. Nxd3 Qxd3 28. Rf1 Qd8 29. Qg5 Bf6 30. Qf4 Ra2 31. Bc5 Bd4 32. Bxd4 Qxd4 33. Qb8+ Kg7 34. Qxb7 Qc5 35. e5 Rc2 36. Kh2 h5 37. h4 Bf5 38. b4 axb4 39. a5 Bd3 40. Rg1 Ra2 41. Bxc6 Rxa5 42. e6 fxe6 43. Rd1 Ra7 44. Qb8 Ra2 45. Bg2 Qxf2 46. Qb7 Qxg2+ 0-1

[Event "Moscow-ch op Superfinal"]
[Site "Ershovo"]
[Date "2024.02.24"]
[Round "3"]
[White "Triapishko, Alexandr"]
[Black "Yurasov, Matfey"]
[Result "1/2-1/2"]
[WhiteElo "2500"]
[BlackElo "2178"]
[PlyCount "53"]
[EventDate "2024.02.23"]
[EventType "swiss"]
[EventRounds "10"]
[EventCountry "RUS"]
[SourceTitle "CB10_2024"]
[SourceDate "2024.03.06"]
[SourceVersion "1"]
[SourceVersionDate "2024.03.06"]
[SourceQuality "1"]

1. Nf3 Nf6 2. g3 d5 3. Bg2 c5 4. 0-0 g6 5. d4 Bg7 6. dxc5 Na6 7. c4 0-0 8. Nc3 Nxc5 9. cxd5 Nce4 10. Nxe4 Nxe4 11. Ne1 Nd6 12. Nd3 Bf5 13. Re1 Bxd3 14. Qxd3 Rc8 15. e4 Nc4 16. Qb3 Na5 17. Qa3 Nc4 18. Qxa7 Nxb2 19. Bxb2 Bxb2 20. Rab1 Rc2 21. e5 b6 22. Be4 Rd2 23. Bg2 Bd4 24. Rf1 Bxe5 25. Qxb6 Qxb6 26. Rxb6 Rxa2 27. Rb7 1/2-1/2

[Event "Titled Tuesday intern op 13th Feb Early"]
[Site "Chess.com INT"]
[Date "2024.02.13"]
[Round "8"]
[White "Biletskyy, Dmytro"]
[Black "Yurasov, Matfey"]
[Result "0-1"]
[WhiteElo "1926"]
[BlackElo "2178"]
[PlyCount "120"]
[EventDate "2024.02.13"]
[EventType "swiss (blitz)"]
[EventRounds "11"]
[EventCountry "USA"]
[SourceTitle "CB08_2024"]
[SourceDate "2024.02.21"]
[SourceVersion "1"]
[SourceVersionDate "2024.02.21"]
[SourceQuality "1"]

1. e4 e5 2. Nf3 Nf6 3. Bc4 Nxe4 4. Nc3 Nd6 5. Bb3 Nc6 6. 0-0 Be7 7. Re1 0-0 8. Nxe5 Nxe5 9. Rxe5 Bf6 10. Re1 c6 11. d4 Nf5 12. Ne2 d5 13. c3 Re8 14. Bc2 Nd6 15. Ng3 g6 16. Bf4 Be6 17. Qf3 Bg5 18. Be5 Nc4 19. b3 Nxe5 20. Rxe5 f6 21. Re2 Qd7 22. h3 f5 23. Rae1 Bf7 24. Nf1 Qd6 25. g3 c5 26. h4 Bf6 27. Rxe8+ Rxe8 28. Rxe8+ Bxe8 29. Ne3 Bc6 30. g4 cxd4 31. cxd4 f4 32. Ng2 Bxd4 33. Nxf4 Be5 34. Nd3 d4 35. Qe2 Qd5 36. f3 Bg3 37. Kg2 Bxh4 38. Nb4 Qd6 39. Nxc6 bxc6 40. Qe8+ Kg7 41. Qe2 c5 42. Be4 Bd8 43. Kf1 Bc7 44. Ke1 Qg3+ 45. Kd1 h5 46. gxh5 gxh5 47. Qa6 Qg1+ 48. Kc2 Qh2+ 49. Kb1 Be5 50. Qg6+ Kf8 51. Qf5+ Ke7 52. Qh7+ Kd8 53. Qg8+ Kc7 54. Qf7+ Kd6 55. Qd5+ Ke7 56. Qxc5+ Kf6 57. Qf8+ Kg5 58. Qf5+ Kh4 59. f4 Bxf4 60. Bd3 Qg1+ 0-1

[Event "Titled Tuesday intern op 06th Feb Late"]
[Site "Chess.com INT"]
[Date "2024.02.06"]
[Round "3"]
[White "Kramnik, Vladimir"]
[Black "Yurasov, Matfey"]
[Result "1-0"]
[WhiteElo "2753"]
[BlackElo "2178"]
[PlyCount "61"]
[EventDate "2024.02.06"]
[EventType "swiss (blitz)"]
[EventRounds "11"]
[EventCountry "USA"]
[SourceTitle "CB07_2024"]
[SourceDate "2024.02.14"]
[SourceVersion "1"]
[SourceVersionDate "2024.02.14"]
[SourceQuality "1"]

1. e4 e5 2. Nf3 Nf6 3. d3 Nc6 4. g3 d5 5. exd5 Nxd5 6. Bg2 Be7 7. 0-0 0-0 8. Re1 f6 9. c3 Nb6 10. a4 a5 11. d4 exd4 12. Nxd4 Nxd4 13. cxd4 Bb4 14. Nc3 c6 15. Qb3+ Kh8 16. Be3 Re8 17. d5 c5 18. Bf4 Rxe1+ 19. Rxe1 Bf5 20. d6 Bg6 21. Re7 Nd7 22. Qe6 Nf8 23. Qd5 Rb8 24. h4 Nd7 25. h5 Be8 26. h6 g5 27. Be4 Nf8 28. Qxg5 fxg5 29. Be5+ Kg8 30. Rg7+ Kh8 31. Rxg5+ 1-0

[Event "Titled Tuesday intern op 23rd Jan Late"]
[Site "Chess.com INT"]
[Date "2024.01.23"]
[Round "1"]
[White "Gonzalez Zharikov, Andrey"]
[Black "Yurasov, Matfey"]
[Result "0-1"]
[WhiteElo "1985"]
[BlackElo "2152"]
[PlyCount "134"]
[EventDate "2024.01.23"]
[EventType "swiss (blitz)"]
[EventRounds "11"]
[EventCountry "USA"]
[SourceTitle "CB05_2024"]
[SourceDate "2024.01.31"]
[SourceVersion "1"]
[SourceVersionDate "2024.01.31"]
[SourceQuality "1"]

1. e4 e5 2. Nf3 Nf6 3. Nxe5 d6 4. Nf3 Nxe4 5. Nc3 Nxc3 6. dxc3 Be7 7. Be3 Nd7 8. Be2 Nf6 9. Nd4 0-0 10. 0-0 c5 11. Nb3 Qc7 12. c4 Be6 13. Bf4 Rfd8 14. Qe1 Qb6 15. Bd2 Qc7 16. Bf4 Rac8 17. Rd1 Qc6 18. a3 d5 19. Bf3 Qe8 20. cxd5 Nxd5 21. Be5 b6 22. Qe2 Qa4 23. Rfe1 Nf6 24. Bc3 Rxd1 25. Rxd1 Re8 26. Nc1 h6 27. Rd2 Bd8 28. Qd1 Bc7 29. g3 Qb5 30. Nd3 Nd7 31. b3 Qa6 32. a4 Bf5 33. Ne1 Nf8 34. Ng2 Qc8 35. Ne3 Be6 36. Nd5 Bb8 37. Re2 Ng6 38. Qe1 Qd7 39. Ne3 Rd8 40. Rd2 Qc8 41. Qd1 Rxd2 42. Qxd2 Ne5 43. Bg2 Bh3 44. f4 Bxg2 45. Qxg2 Ng4 46. Bd2 Nxe3 47. Bxe3 Qe6 48. Qf2 Bd6 49. Kg2 f5 50. Qe2 Qe4+ 51. Kg1 Be7 52. Qf2 Bf6 53. h3 c4 54. bxc4 Qxc4 55. g4 fxg4 56. hxg4 Qxa4 57. g5 hxg5 58. fxg5 Qg4+ 59. Qg2 Qxg2+ 60. Kxg2 Be5 61. Kf3 Kf7 62. Ke4 Ke6 63. c4 Bd6 64. Bd4 g6 65. Bf6 Be7 66. Bxe7 Kxe7 67. Kd5 a5 0-1

[Event "Titled Tuesday intern op 16th Jan Early"]
[Site "Chess.com INT"]
[Date "2024.01.16"]
[Round "9"]
[White "Akobian, Varuzhan"]
[Black "Yurasov, Matfey"]
[Result "0-1"]
[WhiteElo "2571"]
[BlackElo "2152"]
[PlyCount "98"]
[EventDate "2024.01.16"]
[EventType "swiss (blitz)"]
[EventRounds "11"]
[EventCountry "USA"]
[SourceTitle "CB04_2024"]
[SourceDate "2023.10.16"]
[SourceVersion "1"]
[SourceVersionDate "2023.10.16"]
[SourceQuality "1"]

1. d4 d5 2. c4 c6 3. cxd5 cxd5 4. Nf3 Nf6 5. Nc3 Nc6 6. Bf4 Bf5 7. Qb3 Na5 8. Qa4+ Bd7 9. Qc2 e6 10. e3 Rc8 11. Bd3 Be7 12. Ne5 0-0 13. 0-0 b5 14. Qe2 a6 15. Rac1 Nc4 16. b3 Nxe5 17. dxe5 Ne8 18. Bb1 f6 19. Qd3 g6 20. Nxd5 exd5 21. Qxd5+ Kg7 22. e6 Bc6 23. Qxd8 Bxd8 24. Rfd1 Be7 25. e4 Kg8 26. Bh6 Ng7 27. f4 f5 28. exf5 gxf5 29. Rd2 Be4 30. Rxc8 Rxc8 31. Bxe4 fxe4 32. Rd7 Nf5 33. Bg5 Bxg5 34. fxg5 Re8 35. Rd5 Ng7 36. Rd6 Rxe6 37. Rxe6 Nxe6 38. h4 Kf7 39. Kf2 Kg6 40. Ke3 Kf5 41. b4 Ke5 42. g4 Nf4 43. h5 Ne6 44. g6 hxg6 45. hxg6 Ng7 46. a3 Ne6 47. Kf2 Kf4 48. Ke2 Kxg4 49. Ke3 Kf5 0-1

[Event "Titled Tuesday intern op 16th Jan Late"]
[Site "Chess.com INT"]
[Date "2024.01.16"]
[Round "2"]
[White "Yurasov, Matfey"]
[Black "Bogaudinov, Rushan"]
[Result "0-1"]
[WhiteElo "2152"]
[BlackElo "1853"]
[PlyCount "112"]
[EventDate "2024.01.16"]
[EventType "swiss (blitz)"]
[EventRounds "11"]
[EventCountry "USA"]
[SourceTitle "CB04_2024"]
[SourceDate "2023.10.16"]
[SourceVersion "1"]
[SourceVersionDate "2023.10.16"]
[SourceQuality "1"]

1. e4 e6 2. d3 c5 3. Nd2 Nc6 4. Ngf3 d5 5. g3 Nf6 6. Bg2 Be7 7. 0-0 0-0 8. Re1 a5 9. e5 Nd7 10. Nf1 a4 11. a3 b5 12. h4 Qc7 13. Bf4 b4 14. h5 bxa3 15. bxa3 Rb8 16. Qd2 Nd4 17. Nxd4 cxd4 18. h6 g6 19. Nh2 Qc3 20. Qc1 Rb2 21. Re2 Ba6 22. Bf1 Rc8 23. Bg5 Bf8 24. Ng4 Rxc2 25. Rxc2 Qxc2 26. Qf4 Bxd3 27. Bh3 Bf5 28. Bg2 Bxg4 29. Qxg4 Qf5 30. Qh4 Qxe5 31. Bd2 Qf6 32. Bg5 Qe5 33. Rd1 Bxa3 34. Rxd4 Ra8 35. Rg4 Qe1+ 36. Kh2 Qxf2 37. Rxa4 Rxa4 38. Qxa4 Bd6 39. Bh4 g5 40. Qg4 Be7 41. Bxg5 Ne5 42. Qh5 Bxg5 43. Qxg5+ Ng6 44. Qd8+ Nf8 45. Qg5+ Ng6 46. Qd8+ Nf8 47. Qh4 Qf5 48. Bh3 Qg6 49. Bf1 d4 50. Qf4 f6 51. g4 e5 52. Qd2 Qxg4 53. Bc4+ Kh8 54. Qf2 Qf4+ 55. Qxf4 exf4 56. Kg2 Ng6 0-1

[Event "Titled Tuesday intern op 09th Jan Early"]
[Site "Chess.com INT"]
[Date "2024.01.09"]
[Round "11"]
[White "Goncalves, Samuel Jesus P"]
[Black "Yurasov, Matfey"]
[Result "0-1"]
[WhiteElo "2208"]
[BlackElo "2152"]
[PlyCount "84"]
[EventDate "2024.01.09"]
[EventType "swiss (blitz)"]
[EventRounds "11"]
[EventCountry "USA"]
[SourceTitle "CB03_2024"]
[SourceDate "2024.01.17"]
[SourceVersion "1"]
[SourceVersionDate "2024.01.17"]
[SourceQuality "1"]

1. e4 e5 2. Nf3 Nf6 3. Nc3 Bb4 4. a3 Ba5 5. Be2 0-0 6. b4 Bb6 7. 0-0 d6 8. d3 h6 9. Na4 Be6 10. Nxb6 axb6 11. c4 Nbd7 12. Bb2 c6 13. Qc2 b5 14. cxb5 cxb5 15. d4 Rc8 16. Qb1 exd4 17. Nxd4 Bc4 18. Rd1 Ne5 19. h3 Bxe2 20. Nxe2 Nc4 21. Nd4 Nxb2 22. Qxb2 Nxe4 23. Nf5 Qg5 24. Nxd6 Nxd6 25. Rxd6 Rc4 26. Rad1 Rfc8 27. R6d5 Qf4 28. Qe2 Rc1 29. g3 Qf6 30. Kh2 R8c2 31. Rd8+ Kh7 32. R8d2 Rxd2 33. Rxd2 Qc6 34. f3 Qb6 35. Qg2 Qe3 36. Rf2 Qxa3 37. g4 Qxb4 38. Qg3 Qe1 39. Qg2 b4 40. f4 b3 41. Re2 Qxe2 42. Qxe2 Rc2 0-1